Classifica Marcatori Ligue 1 2024-2025 - Statistics

Statistiche generali
  • Questo quiz è stato fatto 19 volte
  • Il punteggio medio è 5 su 10
Statistiche sulle risposte
Gol Nazione Squadra Calciatore % Corretto
21 Francia PSG Ousmane Dembélé
100%
16 Canada Lilla Jonathan David
94%
21 Inghilterra Olympique Marsiglia Mason Greenwood
83%
14 Francia PSG Bradley Barcola
72%
15 Francia Olympique Lione Alexandre Lacazette
56%
13 Algeria Rennes / Olympique Marsiglia Amine Gouiri
22%
13 Danimarca Monaco Mika Biereth
17%
14 Paesi Bassi Strasburgo Emanuel Emegha
11%
13 Francia Brest Ludovic Ajorque
11%
17 Francia Rennes Arnaud Kalimuendo
6%
Nessun quiz corrispondente trovato
Distribuzione punteggi
Percentuale di utenti per punteggio
Percentile per numero di risposta
I tuoi punteggi nel tempo
Non hai fatto questo quiz